|
|
|
|
| LEADER |
00979nam a2200253 a 4500 |
| 001 |
4590 |
| 003 |
BD-DhAAL |
| 008 |
090528s1967 enkac b 000 0 eng d |
| 999 |
|
|
|c 1169
|d 1169
|
| 010 |
|
|
|a 67091852
|
| 040 |
|
|
|a DLC
|c DLC
|d DLC
|
| 082 |
0 |
0 |
|a 575.1
|2 17
|
| 100 |
1 |
|
|a Ashton, Beryl Grace.
|9 26534
|
| 245 |
1 |
0 |
|a Genes, chromosomes and evolution /
|c by Beryl G. Ashton.
|
| 260 |
|
|
|a London, :
|b Longmans,
|c 1967.
|
| 300 |
|
|
|a xii, 172 pages :
|b illustrations (incl. ports.), tables, diagrs. ;
|c 21 1/2 cm.
|
| 490 |
0 |
|
|a The Principles of modern biology
|
| 504 |
|
|
|a Includes bibliographical references (pages 162-165.) and index
|
| 541 |
1 |
|
|e 00004590
|
| 650 |
|
0 |
|a Genetics.
|9 26535
|
| 650 |
|
0 |
|a Pharmacy.
|9 44779
|
| 852 |
4 |
|
|a Ayesha Abed Library
|j General shelf
|
| 942 |
|
|
|2 ddc
|c BK
|
| 952 |
|
|
|0 0
|1 4
|2 ddc
|4 0
|6 575_100000000000000_ASH
|7 0
|9 1057
|a BRACUL
|b BRACUL
|c GEN
|d 2009-06-24
|g 0.00
|l 0
|o 575.1 ASH
|p 3010004590
|r 2009-06-24
|t 1
|w 2009-06-24
|y BK
|x No price found in the accession register.
|